Statistics for TOP 10 Countries in: Strongest Earthquakes

Click here to take the quiz!

General Stats

  • This quiz has been taken 78 times
  • The average score is 6 of 22

Answer Stats

MagnitudeDateLocation% Correct
9.4–9.6May 22, 1960Valdivia, Chile
83%
9.1–9.33 December 26, 2004Indian Ocean, Sumatra, Indonesia
68%
9.2March 27, 1964Prince William Sound, Alaska, United States
68%
9.0March 11, 2011Pacific Ocean, Tōhoku region, Japan
65%
9.0 (est.)August 13, 1868Arica, Chile (then Peru)
31%
9.0November 4, 1952Kamchatka, Russian SFSR, Soviet Union
29%
8.8 (est.)February 27, 2010Pacific Ocean, Shikoku region, Japan
28%
8.7–9.2 (est.)January 26, 1700Pacific Ocean, Tōhoku region, Japan
28%
8.7 (est.)January 26, 1700Pacific Ocean, USA and Canada (then claimed by the Spanish Empire and the British Empire)
22%
8.6April 11, 2012Indian Ocean, Sumatra, Indonesia
20%
8.6March 28, 2005Sumatra, Indonesia
20%
8.7August 15, 1950Assam, India – Tibet, China
18%
8.5–9.0November 1, 1755Atlantic Ocean, Lisbon, Portugal
18%
8.6March 9, 1957Andreanof Islands, Alaska, United States
15%
8.7February 4, 1965Rat Islands, Alaska, United States
15%
8.7 (est.)July 8, 1730Valparaiso, Chile (then part of the Spanish Empire)
12%
8.8 (est.)April 2, 1762Offshore Maule, Chile
11%
8.6 (est.)March 28, 1787Oaxaca, Mexico (then part of the Spanish Empire)
9%
8.8 (est.)January 31, 1906Sumatra, Indonesia (then part of the Dutch East Indies)
9%
8.9 (est.)July 9, 869Ecuador – Colombia
6%
8.6 (est.)October 28, 1746Lima, Peru (then part of the Spanish Empire)
6%
8.8 (est.)November 25, 1833Chittagong, Bangladesh (then Kingdom of Mrauk U)
0%

Score Distribution

Percentile by Number Answered

Percent of People with Each Score

Your Score History

You have not taken this quiz